Kisebbségi magyar skizofrénia

Elmentve itt :
Bibliográfiai részletek
Szerző: BALLA D. Károly
Adatforrás:Meister
Forrásdokumentuma:Látó. -
7 sz., 1990, 832-837 p.
Nyelv:magyar
Kulcsszavak:politikai publicisztika
magyarok (kárpátaljai)
kisebbségi sors
kettős kötődés
Kárpátalja
LEADER 00474nab a2200169 i 4500
001 bibPRO00009970
008 060524s1990 xx hun
040 |a Sz1 
041 |a hun 
100 1 |a BALLA D. Károly 
245 1 0 |a Kisebbségi magyar skizofrénia  |c BALLA D. Károly 
695 |a politikai publicisztika 
695 |a magyarok (kárpátaljai) 
695 |a kisebbségi sors 
695 |a kettős kötődés 
695 |a Kárpátalja 
773 0 |t Látó. -  |g 7 sz., 1990, 832-837 p.